[Event "48th Rilton Cup 2018"]
[Site "Stockholm"]
[Date "2019.01.05"]
[Round "9"]
[White "Yeoh, Li Tian"]
[Black "Santos Ruiz, Miguel"]
[Result "1/2-1/2"]
[WhiteElo "2508"]
[BlackElo "2523"]
[Annotator "ChessBase"]
[PlyCount "63"]
[EventDate "2018.12.27"]
[EventType "swiss"]
[EventCountry "SWE"]
[SourceTitle "playchess.com"]
[Source "ChessBase"]
[SourceQuality "1"]
[TimeControl "40/5400+30:1800+30"]

1. e4 {[%emt 0:00:00]} c5 {[%emt 0:00:00]} 2. c3 {[%emt 0:00:00]} Nf6 {[%emt 0:00:00]} 3. e5 {[%emt 0:00:00]} Nd5 {[%emt 0:00:00]} 4. Nf3 {[%emt 0:00:00]} d6 {[%emt 0:00:00]} 5. d4 {[%emt 0:02:50]} cxd4 {[%emt 0:00:09]} 6. cxd4 {[%emt 0:00:04]} Nc6 {[%emt 0:00:10]} 7. Bc4 {[%emt 0:00:10]} Nb6 {[%emt 0:00:08]} 8. Bb5 {[%emt 0:00:12]} dxe5 {[%emt 0:00:09]} 9. Nxe5 {[%emt 0:00:07]} Bd7 {[%emt 0:00:03]} 10. Nxd7 {[%emt 0:00:16]} Qxd7 {[%emt 0:00:05]} 11. Nc3 {[%emt 0:00:31]} e6 {[%emt 0:00:05]} 12. O-O {[%emt 0:00:41]} a6 {[%emt 0:00:04]} 13. Bxc6 {[%emt 0:03:00]} Qxc6 {[%emt 0:01:16]} 14. Re1 {[%emt 0:09:58]} Bb4 {[%emt 0:00:32]} 15. Qg4 {[%emt 0:03:19]} Kf8 {[%emt 0:00:05]} 16. Bg5 {[%emt 0:06:17]} Bxc3 {[%emt 0:21:43]} 17. bxc3 {[%emt 0:00:14]} Nd5 {[%emt 0:00:14]} 18. Rac1 {[%emt 0:07:08]} b5 {[%emt 0:02:22]} 19. a4 {[%emt 0:02:10]} h6 {[%emt 0:25:08]} 20. Bd2 {[%emt 0:03:52]} Kg8 {[%emt 0:12:05]} 21. h4 {[%emt 0:04:28]} h5 {[%emt 0:00:19]} 22. Qe2 {[%emt 0:00:26]} Rc8 {[%emt 0:01:37]} 23. axb5 {[%emt 0:05:23]} axb5 {[%emt 0:00:11]} 24. Rb1 {[%emt 0:00:41]} Nxc3 {[%emt 0:03:36]} 25. Bxc3 {[%emt 0:00:21]} Qxc3 {[%emt 0:00:03]} 26. d5 {[%emt 0:01:04]} exd5 {[%emt 0:00:57]} 27. Qxb5 {[%emt 0:00:43]} Qc6 {[%emt 0:02:40]} 28. Qxc6 {[%emt 0:05:50]} Rxc6 {[%emt 0:00:38]} 29. Re5 {[%emt 0:00:11]} g6 {[%emt 0:00:09]} 30. Rb8+ {[%emt 0:00:12]} Kg7 {[%emt 0:00:04]} 31. Rxh8 {[%emt 0:00:06]} Kxh8 {[%emt 0:00:02]} 32. Rxd5 {[%emt 0:00:06]} 1/2-1/2

[Event "48th Rilton Cup 2018"]
[Site "Stockholm"]
[Date "2019.01.05"]
[Round "9"]
[White "Valsecchi, Alessio"]
[Black "Maze, Sebastien"]
[Result "1/2-1/2"]
[WhiteElo "2497"]
[BlackElo "2596"]
[Annotator "TA"]
[PlyCount "89"]
[EventDate "2018.12.27"]
[EventType "swiss"]
[EventCountry "SWE"]
[SourceTitle "playchess.com"]
[Source "ChessBase"]
[SourceQuality "1"]

{[%evp 19,89,18,15,19,34,32,33,22,29,32,44,34,42,41,74,64,70,57,58,51,72,23,15,20,15,15,13,17,20,20,31,25,33,0,0,0,0,0,0,0,0,-4,-4,-4,-4,-4,-4,-4,-4,-4,-4,-4,-4,-7,-7,-7,0,0,51,31,6,0,0,0,0,0,23,0,35,0,0,0]} 1. c4 Nf6 2. Nc3 g6 3. g3 Bg7 4. Bg2 O-O 5. d3 d6 6. Bg5 h6 7. Bd2 e5 8. e4 Nc6 9. Nge2 {A16: English Opening: 1...Nf6 with ...d5} Nd7 10. O-O Nc5 {LiveBook: 3 Games} 11. Be3 a5 (11... Kh7 12. f4 f5 13. Qd2 Nd4 14. exf5 Bxf5 15. Ne4 Nxe2+ 16. Qxe2 exf4 17. Rxf4 Nxe4 18. dxe4 Be6 19. c5 Qe7 {½-½ (19) Kerr,S (2610)-Smith,R (2618) ICCF WS 2006}) 12. Qd2 Kh7 13. Rad1 $146 ({Predecessor:} 13. f4 exf4 14. gxf4 Nd7 15. d4 Nf6 16. h3 a4 {1-0 (37) Pohjosmaki,R (2260)-Pommrich,R (2278) ICCF email 2013}) 13... Nd4 14. f4 {[%cal Bf2f4,Bf4f5][%mdl 32]} Bg4 15. h3 Bxe2 16. Nxe2 c6 17. f5 g5 18. Rf2 Bf6 19. b3 Qb6 20. Kh1 Qb4 21. Nc3 Kg7 22. Rb1 a4 $1 {[%cal Ra4b3]} 23. bxa4 Qa5 24. Bf1 Ra7 25. Kg2 Rfa8 26. h4 {[%cal Rh4g5]} (26. Qc1 {is interesting.} Qd8 27. Qd1 Qa5 28. Bd2 Qc7 29. Rb4) 26... Nxa4 27. hxg5 hxg5 28. Nxa4 {[#] Hoping for Nc3.} Qxd2 29. Rxd2 {Nb6 is the strong threat.} Rxa4 30. Bxd4 exd4 31. Rxb7 Rxa2 32. Rbb2 R2a3 33. Be2 R8a7 34. Rd1 Be5 35. Kf3 Kf6 36. Rdb1 Ra8 37. Rh1 Rc3 38. Kg4 Raa3 ({Black should play} 38... Kg7 $11) 39. Rb7 {[#] White wants to mate with Rh7.} Kg7 40. Rh5 Rxd3 41. Bxd3 Rxd3 {[%csl Ge5][%cal Rd3g3]} 42. Rxg5+ Kh6 (42... Kf6 $5 {[%cal Rd3g3]} 43. Rh5 Rxg3+ 44. Kh4 Re3 45. Rh6+ Kg7 46. Rg6+ Kf8 47. Rb8+ Ke7 48. Rb7+ Kf8 49. Rb8+ Ke7 50. Rb7+ Kf8 $11) 43. Rh5+ Kg7 44. Rg5+ (44. f6+ $5 Kxf6 45. Rf5+ Kg6 46. Rf3 $11 (46. Rfxf7 Rxg3+ 47. Kh4 Re3 $17)) 44... Kh6 45. Rh5+ {Accuracy: White = 75%, Black = 66%.} 1/2-1/2

[Event "48th Rilton Cup 2018"]
[Site "Stockholm"]
[Date "2019.01.05"]
[Round "9"]
[White "Zumsande, Martin"]
[Black "Eggleston, David J"]
[Result "1-0"]
[WhiteElo "2490"]
[BlackElo "2397"]
[Annotator "ChessBase"]
[PlyCount "61"]
[EventDate "2018.12.27"]
[EventType "swiss"]
[EventCountry "SWE"]
[SourceTitle "playchess.com"]
[Source "ChessBase"]
[SourceQuality "1"]
[TimeControl "40/5400+30:1800+30"]

1. e4 {[%emt 0:00:00]} c5 {[%emt 0:03:30]} 2. c3 {[%emt 0:00:00]} Nf6 {[%emt 0:01:09]} 3. e5 {[%emt 0:00:00]} Nd5 {[%emt 0:00:05]} 4. d4 {[%emt 0:00:02]} cxd4 {[%emt 0:00:09]} 5. cxd4 {[%emt 0:00:09]} d6 {[%emt 0:00:33]} 6. Bc4 {[%emt 0:00:35]} e6 {[%emt 0:00:06]} 7. Nf3 {[%emt 0:00:07]} Nc6 {[%emt 0:00:06]} 8. O-O {[%emt 0:00:22]} Be7 {[%emt 0:00:04]} 9. a3 {[%emt 0:00:09]} O-O {[%emt 0:02:32]} 10. Bd3 {[%emt 0:01:39]} Bd7 {[%emt 0:09:41]} 11. Qc2 {[%emt 0:00:46]} f5 {[%emt 0:00:47]} 12. exf6 {[%emt 0:01:16]} Nxf6 {[%emt 0:00:11]} 13. Nc3 {[%emt 0:02:29]} Qe8 {[%emt 0:03:30]} 14. h3 {[%emt 0:06:13]} Qh5 {[%emt 0:07:41]} 15. Ne2 {[%emt 0:07:18]} e5 16. Ng3 {[%emt 0:00:30]} Qe8 17. Re1 {[%emt 0:00:30]} exd4 18. Bf4 {[%emt 0:00:30]} Qd8 19. Ng5 {[%emt 0:00:30]} Kh8 20. Bxh7 {[%emt 0:00:30]} d5 21. Bg6 {[%emt 0:00:30]} Qb6 22. Qe2 {[%emt 0:00:30]} Be8 23. Bd3 {[%emt 0:00:30]} Ne4 24. Ne6 {[%emt 0:00:30]} Rf6 25. Qg4 {[%emt 0:00:30]} Rg6 26. Qh5+ {[%emt 0:00:30]} Rh6 27. Qxd5 {[%emt 0:00:30]} Nf6 28. Qf3 {[%emt 0:00:30]} Bh5 29. Nxh5 {[%emt 0:00:30]} Rxh5 30. Qg3 {[%emt 0:00:30]} Bf8 31. Bd6 {[%emt 0:00:30]} 1-0

[Event "48th Rilton Cup 2018"]
[Site "Stockholm"]
[Date "2019.01.05"]
[Round "9"]
[White "Libiszewski, Fabien"]
[Black "Blomqvist, Erik"]
[Result "1-0"]
[WhiteElo "2481"]
[BlackElo "2497"]
[Annotator "ChessBase"]
[PlyCount "57"]
[EventDate "2018.12.27"]
[EventType "swiss"]
[EventCountry "SWE"]
[SourceTitle "playchess.com"]
[Source "ChessBase"]
[SourceQuality "1"]
[TimeControl "40/5400+30:1800+30"]

1. e4 {[%emt 0:00:49]} c5 {[%emt 0:03:40]} 2. Nf3 {[%emt 0:00:09]} e6 {[%emt 0:00:06]} 3. d4 {[%emt 0:00:14]} cxd4 {[%emt 0:00:08]} 4. Nxd4 {[%emt 0:00:02]} Nf6 {[%emt 0:00:36]} 5. Nc3 {[%emt 0:00:23]} d6 {[%emt 0:00:07]} 6. Be3 {[%emt 0:00:36]} Be7 {[%emt 0:00:21]} 7. Qe2 {[%emt 0:06:32]} a6 {[%emt 0:18:24]} 8. O-O-O {[%emt 0:03:23]} Qc7 {[%emt 0:08:01]} 9. g4 {[%emt 0:04:32]} b5 {[%emt 0:02:19]} 10. g5 {[%emt 0:03:31]} Nfd7 {[%emt 0:00:13]} 11. a3 {[%emt 0:03:18]} Bb7 {[%emt 0:09:42]} 12. f4 {[%emt 0:05:22]} Nc5 {[%emt 0:15:31]} 13. Bg2 {[%emt 0:05:36]} Nbd7 {[%emt 0:03:29]} 14. h4 {[%emt 0:00:46]} Nb6 {[%emt 0:03:52]} 15. h5 {[%emt 0:06:39]} O-O-O {[%emt 0:02:46]} 16. g6 {[%emt 0:05:32]} hxg6 {[%emt 0:02:35]} 17. hxg6 {[%emt 0:01:14]} Rxh1 {[%emt 0:00:11]} 18. Rxh1 {[%emt 0:02:20]} e5 {[%emt 0:08:53]} 19. fxe5 {[%emt 0:08:10]} dxe5 {[%emt 0:00:05]} 20. Nf5 {[%emt 0:00:03]} Bf8 {[%emt 0:02:12]} 21. gxf7 {[%emt 0:01:44]} Qxf7 {[%emt 0:02:18]} 22. Qf2 {[%emt 0:04:38]} Qc7 {[%emt 0:00:19]} 23. Rh8 {[%emt 0:08:02]} Nba4 {[%emt 0:02:25]} 24. Bg5 {[%emt 0:01:38]} Nxc3 {[%emt 0:13:04]} 25. Bxd8 {[%emt 0:00:34]} Nb3+ {[%emt 0:00:40]} 26. cxb3 {[%emt 0:00:09]} Ne2+ {[%emt 0:00:26]} 27. Kd1 {[%emt 0:06:21]} Qc1+ {[%emt 0:00:21]} 28. Kxe2 {[%emt 0:00:05]} Qc2+ {[%emt 0:00:11]} 29. Kf1 {[%emt 0:01:58]} 1-0

[Event "48th Rilton Cup 2018"]
[Site "Stockholm"]
[Date "2019.01.05"]
[Round "9"]
[White "Hauge, Lars Oskar"]
[Black "Priyanka Nutakki"]
[Result "1/2-1/2"]
[WhiteElo "2466"]
[BlackElo "2293"]
[Annotator "TA"]
[PlyCount "65"]
[EventDate "2018.12.27"]
[EventType "swiss"]
[EventCountry "SWE"]
[SourceTitle "playchess.com"]
[Source "ChessBase"]
[SourceQuality "1"]

{[%evp 18,65,18,14,30,31,54,-7,41,-120,-137,-135,-144,-173,-114,-83,-103,-103,-103,-96,-80,-69,-46,-50,-52,-49,-49,-55,-41,-77,-28,-30,-30,-27,0,0,0,0,0,0,0,-34,-23,-17,-18,-38,-42,-31,2,0]} 1. d4 e6 2. Nf3 Nf6 3. Bg5 d5 4. Nbd2 Be7 5. e3 O-O 6. Bd3 Nbd7 7. O-O c5 8. c3 Qc7 9. e4 dxe4 {D03: 1 d4 d5 2 Nf3 Nf6 3 Bg5, including Torre Attack with early ...d5} 10. Nxe4 {LiveBook: 6 Games} Re8 11. Qe2 Nd5 {White is slightly better.} (11... Qb6 12. Rad1 cxd4 13. cxd4 Nxe4 14. Qxe4 Nf8 15. Bxe7 Rxe7 16. Qe2 Rc7 17. Ne5 {1-0 (47) Cruz Lledo,P (2432)-Saulespurens,V (2254) Riga 2018}) 12. Qd2 $146 (12. Bxe7 $14 Rxe7 13. Nxc5) ({Predecessor:} 12. Rad1 f6 13. Bc1 cxd4 14. Nxd4 Ne5 15. Bb1 Bd7 16. Ng3 Bf8 17. Rfe1 Rad8 18. a3 Kh8 19. Ba2 Ng6 20. Bxd5 exd5 21. Qh5 Re5 22. Rxe5 fxe5 23. Nf3 {½-½ (23) Hlavacek,R (2201)-Jinova,L (2131) Czechia 2009}) 12... h6 13. Be3 $2 {[#]} (13. Bxe7 $14 Rxe7 14. Nxc5) 13... c4 $17 14. Bb1 f5 15. Nc5 Nxc5 (15... N7f6 $19 16. Qe1 b6) 16. dxc5 Nxe3 17. Qxe3 Bxc5 18. Qe2 Bd7 19. Ne5 b5 20. Bc2 Rad8 21. a4 a6 22. axb5 axb5 23. b3 Bd6 24. Nxd7 Rxd7 25. g3 Rdd8 26. bxc4 Qxc4 27. Bd3 Qxc3 {[#] White must now prevent ...Bxg3!} 28. Bxb5 Re7 29. Rad1 Bc7 30. Rxd8+ Bxd8 31. Rd1 Bc7 32. Bc4 Qe5 33. Qxe5 {Accuracy: White = 44%, Black = 48%.} 1/2-1/2

[Event "48th Rilton Cup 2018"]
[Site "Stockholm"]
[Date "2019.01.05"]
[Round "9"]
[White "Lyrberg, Patrik"]
[Black "Pranav Anand"]
[Result "1-0"]
[WhiteElo "2440"]
[BlackElo "2274"]
[Annotator "NA"]
[PlyCount "145"]
[EventDate "2018.12.27"]
[EventType "swiss"]
[EventCountry "SWE"]
[SourceTitle "playchess.com"]
[Source "ChessBase"]
[SourceQuality "1"]
[TimeControl "40/5400+30:1800+30"]

1. e4 {[%emt 0:00:00]} e5 {[%emt 0:00:00]} 2. Nf3 {[%emt 0:00:00]} Nc6 {[%emt 0:00:00]} 3. Bc4 {[%emt 0:00:00]} Bc5 {[%emt 0:00:00]} 4. c3 {[%emt 0:00:14]} Nf6 {[%emt 0:00:00]} 5. d3 {[%emt 0:00:07]} d6 {[%emt 0:00:09]} 6. O-O {[%emt 0:00:21]} h6 {[%emt 0:00:29]} 7. a4 {[%emt 0:00:31]} a5 {[%emt 0:00:29]} 8. Na3 {[%emt 0:00:50]} O-O {[%emt 0:04:25]} 9. Nc2 {[%emt 0:14:03]} Ba7 {[%emt 0:02:06]} 10. Be3 {[%emt 0:03:21]} Be6 {[%emt 0:05:10]} 11. Bxe6 {[%emt 0:07:50]} fxe6 {[%emt 0:00:14]} 12. Bxa7 {[%emt 0:00:07]} Nxa7 {[%emt 0:01:33]} 13. d4 {[%emt 0:01:55]} Nxe4 {[%emt 0:05:26]} 14. Qe2 {[%emt 0:08:20]} Ng5 {[%emt 0:04:02]} 15. Nxg5 {[%emt 0:00:23]} Qxg5 {[%emt 0:00:11]} 16. dxe5 {[%emt 0:00:11]} d5 {[%emt 0:03:27]} 17. Nd4 {[%emt 0:00:35]} Rae8 {[%emt 0:02:58]} 18. Rae1 {[%emt 0:02:11]} c5 {[%emt 0:07:45]} 19. Nb5 {[%emt 0:01:15]} Nc8 {[%emt 0:00:46]} 20. g3 {[%emt 0:04:11]} Rd8 {[%emt 0:06:20]} 21. f4 {[%emt 0:04:44]} Qg6 {[%emt 0:00:26]} 22. Rf2 {[%emt 0:06:44]} b6 {[%emt 0:02:00]} 23. Kh1 {[%emt 0:00:35]} Rd7 {[%emt 0:06:35]} 24. Ref1 {[%emt 0:06:28]} h5 {[%emt 0:02:14]} 25. f5 {[%emt 0:11:54]} Rxf5 {[%emt 0:06:46]} 26. Rxf5 {[%emt 0:00:06]} exf5 {[%emt 0:00:03]} 27. e6 {[%emt 0:00:14]} Re7 {[%emt 0:00:38]} 28. Re1 {[%emt 0:01:17]} h4 {[%emt 0:12:35]} 29. Qe5 {[%emt 0:02:43]} hxg3 {[%emt 0:02:25]} 30. hxg3 {[%emt 0:01:28]} Qg4 {[%emt 0:04:12]} 31. Kg2 {[%emt 0:05:20]} f4 {[%emt 0:06:20]} 32. Qxf4 {[%emt 0:00:17]} Qxf4 {[%emt 0:00:06]} 33. gxf4 {[%emt 0:00:05]} g6 {[%emt 0:00:27]} 34. Re5 {[%emt 0:03:17]} Kg7 {[%emt 0:00:17]} 35. Kf3 {[%emt 0:00:09]} Kf6 {[%emt 0:00:34]} 36. Rxd5 {[%emt 0:01:09]} Rxe6 {[%emt 0:00:26]} 37. Rd8 {[%emt 0:01:08]} Ne7 {[%emt 0:01:49]} 38. Nd6 {[%emt 0:01:42]} Nf5 {[%emt 0:10:25]} 39. Nc4 {[%emt 0:03:18]} Ne7 {[%emt 0:00:56]} 40. Rf8+ {[%emt 0:01:26]} Kg7 {[%emt 0:00:07]} 41. Rb8 {[%emt 0:30:54]} Nd5 {[%emt 0:30:18]} 42. Rb7+ {[%emt 0:06:06]} Kf6 {[%emt 0:00:00]} 43. Rd7 {[%emt 0:00:00]} Ne7 {[%emt 0:00:00]} 44. Nd6 {[%emt 0:00:00]} Re1 {[%emt 0:00:00]} 45. Ne4+ {[%emt 0:00:00]} Kf7 {[%emt 0:00:00]} 46. Rb7 {[%emt 0:00:00]} Rf1+ {[%emt 0:00:00]} 47. Nf2 {[%emt 0:00:00]} Ra1 {[%emt 0:00:00]} 48. Rxb6 {[%emt 0:00:00]} Rxa4 {[%emt 0:00:00]} 49. Nd3 {[%emt 0:00:00]} Ra2 {[%emt 0:00:23]} 50. Ne5+ {[%emt 0:00:00]} Kf8 {[%emt 0:00:39]} 51. Rb8+ {[%emt 0:00:00]} Kg7 {[%emt 0:00:05]} 52. Rb7 {[%emt 0:00:00]} Kf6 {[%emt 0:00:24]} 53. Rb6+ {[%emt 0:00:00]} Kg7 {[%emt 0:00:19]} 54. Re6 {[%emt 0:00:00]} Kf8 {[%emt 0:00:13]} 55. Rf6+ {[%emt 0:00:00]} Kg8 {[%emt 0:01:14]} 56. Rb6 {[%emt 0:00:00]} a4 {[%emt 0:01:08]} 57. Rb7 {[%emt 0:02:12]} Kf8 {[%emt 0:01:20]} 58. Kg4 {[%emt 0:03:53]} a3 {[%emt 0:01:00]} 59. bxa3 {[%emt 0:00:04]} Rxa3 {[%emt 0:01:23]} 60. c4 {[%emt 0:00:06]} Ra6 {[%emt 0:03:36]} 61. Kg5 {[%emt 0:00:57]} Rd6 {[%emt 0:01:29]} 62. Rc7 {[%emt 0:01:51]} Rd2 {[%emt 0:02:06]} 63. Nxg6+ {[%emt 0:01:26]} Nxg6 {[%emt 0:00:06]} 64. Kxg6 {[%emt 0:00:04]} Rd4 {[%emt 0:00:22]} 65. f5 {[%emt 0:00:05]} Rxc4 {[%emt 0:00:19]} 66. Rc8+ {[%emt 0:00:05]} Ke7 {[%emt 0:00:03]} 67. f6+ {[%emt 0:00:03]} Ke6 {[%emt 0:00:11]} 68. f7 {[%emt 0:00:09]} Rf4 {[%emt 0:01:59]} 69. f8=Q {[%emt 0:00:07]} Rxf8 {[%emt 0:00:04]} 70. Rxf8 {[%emt 0:00:06]} c4 {[%emt 0:00:03]} 71. Rf5 {[%emt 0:00:59]} Kd6 {[%emt 0:00:21]} 72. Kf6 {[%emt 0:00:14]} c3 {[%emt 0:00:07]} 73. Rf3 {[%emt 0:00:08]} 1-0

[Event "48th Rilton Cup 2018"]
[Site "Stockholm"]
[Date "2019.01.05"]
[Round "9"]
[White "Rakesh Kumar Jena"]
[Black "Salomon, Johan"]
[Result "1-0"]
[WhiteElo "2398"]
[BlackElo "2494"]
[Annotator "ChessBase"]
[PlyCount "75"]
[EventDate "2018.12.27"]
[EventType "swiss"]
[EventCountry "SWE"]
[SourceTitle "playchess.com"]
[Source "ChessBase"]
[SourceQuality "1"]
[TimeControl "40/5400+30:1800+30"]

1. d4 {[%emt 0:00:00]} Nf6 {[%emt 0:00:00]} 2. Bf4 {[%emt 0:00:00]} b6 {[%emt 0:00:22]} 3. Nf3 {[%emt 0:00:00]} Bb7 {[%emt 0:00:04]} 4. e3 {[%emt 0:00:00]} Nh5 {[%emt 0:00:25]} 5. Bg3 {[%emt 0:00:22]} Nxg3 {[%emt 0:00:48]} 6. hxg3 {[%emt 0:00:06]} g6 {[%emt 0:01:40]} 7. Bd3 {[%emt 0:00:09]} Bg7 {[%emt 0:00:32]} 8. Nbd2 {[%emt 0:00:22]} d6 {[%emt 0:02:45]} 9. c3 {[%emt 0:00:23]} Nd7 {[%emt 0:01:30]} 10. Qb3 {[%emt 0:01:03]} e6 {[%emt 0:00:54]} 11. O-O-O {[%emt 0:00:56]} a6 {[%emt 0:02:26]} 12. Rh4 {[%emt 0:06:15]} b5 {[%emt 0:02:00]} 13. Rdh1 {[%emt 0:01:12]} h6 {[%emt 0:03:29]} 14. Bxg6 {[%emt 0:05:12]} fxg6 {[%emt 0:00:27]} 15. Qxe6+ {[%emt 0:00:06]} Qe7 {[%emt 0:00:19]} 16. Qxg6+ {[%emt 0:00:12]} Kd8 {[%emt 0:10:47]} 17. Rg4 {[%emt 0:04:00]} Bf8 {[%emt 0:02:07]} 18. e4 {[%emt 0:03:26]} Qf6 {[%emt 0:04:02]} 19. Qh5 {[%emt 0:04:13]} Qe7 {[%emt 0:07:44]} 20. Rf4 {[%emt 0:08:57]} Rg8 {[%emt 0:00:22]} 21. Nh4 {[%emt 0:02:58]} Qe8 {[%emt 0:05:48]} 22. Qxe8+ {[%emt 0:04:35]} Kxe8 {[%emt 0:00:01]} 23. Nf5 {[%emt 0:00:07]} Rg6 {[%emt 0:02:06]} 24. Rfh4 {[%emt 0:00:22]} c5 {[%emt 0:02:32]} 25. Nxh6 {[%emt 0:01:33]} cxd4 {[%emt 0:02:54]} 26. cxd4 {[%emt 0:00:09]} Be7 {[%emt 0:06:54]} 27. R4h3 {[%emt 0:03:22]} Nf6 {[%emt 0:04:53]} 28. f3 {[%emt 0:01:23]} Bc8 {[%emt 0:05:02]} 29. g4 {[%emt 0:00:05]} Bd8 {[%emt 0:00:07]} 30. Kc2 {[%emt 0:13:12]} a5 {[%emt 0:00:53]} 31. Kd3 {[%emt 0:04:27]} b4 {[%emt 0:01:13]} 32. Nf5 {[%emt 0:08:58]} Bxf5 {[%emt 0:04:33]} 33. Rh8+ {[%emt 0:01:18]} Kd7 {[%emt 0:00:53]} 34. exf5 {[%emt 0:02:34]} Rg7 {[%emt 0:00:09]} 35. R1h6 {[%emt 0:00:36]} Ke7 {[%emt 0:02:02]} 36. Ne4 {[%emt 0:01:01]} Nxe4 {[%emt 0:00:42]} 37. Kxe4 {[%emt 0:00:11]} Kf7 {[%emt 0:00:54]} 38. Rxd6 {[%emt 0:05:56]} 1-0

[Event "48th Rilton Cup 2018"]
[Site "Stockholm"]
[Date "2019.01.05"]
[Round "9"]
[White "Soysal, Serkan"]
[Black "Kulaots, Kaido"]
[Result "1/2-1/2"]
[WhiteElo "2398"]
[BlackElo "2555"]
[Annotator "TA"]
[PlyCount "101"]
[EventDate "2018.12.27"]
[EventType "swiss"]
[EventCountry "SWE"]
[SourceTitle "playchess.com"]
[Source "ChessBase"]
[SourceQuality "1"]

{[%evp 24,101,45,41,52,55,77,74,82,77,81,64,108,109,114,95,164,136,178,150,220,221,305,225,269,272,287,302,269,278,336,237,208,236,228,173,327,297,334,298,402,287,309,0,0,0,395,362,387,355,405,479,512,521,512,460,609,600,588,331,383,295,336,312,308,300,272,272,241,287,438,279,481,291,294,0,468,0,266,0]} 1. d4 d6 2. e4 Nf6 3. Nc3 e5 4. Nf3 Nbd7 5. Bc4 Be7 6. a4 O-O 7. O-O a6 8. Re1 b6 {C41: Philidor Defence} 9. h3 Bb7 10. d5 Nh5 (10... Ne8 11. b4 Bc8 12. a5 b5 13. Bd3 g6 14. Ne2 Ng7 15. c4 bxc4 16. Bxc4 {½-½ (34) Anand,V (2779)-Jobava,B (2702) Doha 2016}) 11. Bf1 g6 12. Bh6 Ng7 13. Qd2 {LiveBook: 5 Games} Kh8 14. a5 b5 15. Na2 f5 $146 {[#] White should prevent ...fxe4.} ({Predecessor:} 15... Nf6 16. c4 bxc4 {1-0 (51) Wang,J (2363)-Tan,Z (2460) Wuxi 2014}) 16. Ng5 $1 Bxg5 17. Bxg5 Qe8 18. f3 Nh5 19. b4 Rg8 (19... Ng3 $16) 20. c4 bxc4 21. Rac1 f4 (21... Ndf6 $16 22. g4 (22. Rxc4 Qd8 $16) (22. Bxc4 f4 $16) 22... h6) 22. Rxc4 $18 (22. Bxc4 $6 h6 $16) 22... h6 23. Bh4 (23. Rxc7 hxg5 24. Rec1 (24. Rxb7 Qc8 $15) 24... Bc8 $17) 23... g5 24. Bf2 Ndf6 25. Rxc7 Bc8 26. Rec1 Bd7 27. Be2 Ng3 28. Bxg3 fxg3 29. Rb7 Nh5 $2 (29... Qh5 30. Rb6 Bxh3 31. gxh3 g4) 30. Rcc7 Rg7 31. Bf1 Nf4 32. Nc3 Rc8 33. Qe3 $2 ({And not} 33. Bxa6 Rxc7 34. Rxc7 Bxh3 $11) (33. Rxc8 $18 Bxc8 34. Rb6 {[%mdl 64] Double Attack}) 33... Rxc7 $1 $11 34. Rxc7 g4 $2 {[%mdl 8192]} (34... Qh5 $1 $11 {and Black has nothing to worry.} 35. Qa7 (35. Bxa6 $2 Bxh3 {[%mdl 64] Discovered Attack} 36. Ne2 Rxc7 $19) 35... Nxh3+ 36. gxh3 Qxf3) 35. fxg4 $18 {[%mdl 64] Discovered Attack} Qd8 36. Qa7 Qf6 37. Nd1 Bb5 38. Bxb5 axb5 39. Qb8+ Rg8 40. Qxb5 h5 41. g5 Qxg5 {( -> ...Nxh3+)} 42. Rc2 Rf8 43. a6 {And now a7 would win.} Qg6 {[#]} 44. Qc4 $1 Qf7 45. b5 {Strongly threatening b6.} Qa7+ 46. Kh1 Qb6 (46... Qd4 $142 47. Qf1 Kg8) 47. Qf1 Ng6 $2 (47... Kh7 48. Qe1 Qxb5 49. Rc7+ Kh8) 48. Qe2 Nf4 49. Qf1 (49. Qe3 $142 Qxb5 50. Qxg3) 49... Ng6 $1 {[%cal Rf8f1]} 50. Qe2 (50. Qd3 $142) 50... Nf4 51. Qf1 $2 {Accuracy: White = 63%, Black = 37%.} ({Better is} 51. Qe3 $18 Qxb5 52. Qxg3) 1/2-1/2

[Event "48th Rilton Cup 2018"]
[Site "Stockholm"]
[Date "2019.01.05"]
[Round "9"]
[White "Sawatzki, Frank"]
[Black "Bellia, Fabrizio"]
[Result "0-1"]
[WhiteElo "2392"]
[BlackElo "2458"]
[Annotator "TA"]
[PlyCount "114"]
[EventDate "2018.12.27"]
[EventType "swiss"]
[EventCountry "SWE"]
[SourceTitle "playchess.com"]
[Source "ChessBase"]
[SourceQuality "1"]

{[%evp 36,114,-3,-13,-6,-49,-22,-19,-18,-21,-20,-20,-24,-39,-44,-33,-40,-93,-50,-109,-109,-97,-35,-34,-35,-38,-25,-36,-25,-26,-18,-6,0,-17,-17,-21,-20,-21,0,-26,-23,-42,-25,-26,-24,-28,0,-27,-20,-22,-17,-18,-18,-52,-17,-48,-6,-19,-16,-27,0,0,0,0,0,0,0,0,0,0,0,0,0,-8,0,-1090,-222,-29983,-29984,-29984,-29985]} 1. e4 e5 2. Nf3 Nc6 3. Bb5 a6 4. Ba4 Nf6 5. O-O Be7 6. Re1 b5 7. Bb3 d6 8. c3 O-O 9. h3 Na5 10. Bc2 c5 11. d3 Re8 12. Nbd2 {[%cal Bb1d2,Bd2f1,Bf1e3][%mdl 32]} h6 13. Nf1 Nc6 14. d4 cxd4 {C90: Closed Ruy Lopez with 7...d6: Early deviations} 15. cxd4 exd4 16. Nxd4 Nxd4 17. Qxd4 Be6 18. Ne3 Rc8 19. Bb3 {LiveBook: 3 Games} Bf8 20. Bd2 $146 ({Predecessor:} 20. Nd5 Bxd5 21. Bxd5 Nxd5 22. Qxd5 {0-1 (46) Schmidek,E (2242)-Delchev,A (2586) Wunsiedel 2016}) 20... Bxb3 (20... Nxe4 $5 21. Nd5 Nxd2 22. Qxd2 Be7 $15) 21. axb3 Rxe4 22. Qd3 $1 Qb6 23. Bc3 Re6 24. Bxf6 Rxf6 25. Qd2 {And now Nd5 would win.} Qb7 26. b4 (26. Qd5 $15 Rc6 27. Rf1) 26... Re6 27. Ra3 (27. Nd5 $15) 27... d5 $17 28. Rd3 Rd8 (28... Qe7 $17 29. Rd4 Rc4 $1 {[%mdl 512]} 30. Rxd5 Qxb4) 29. Rd4 $15 g6 30. Rd1 Bg7 31. Rxd5 Rxd5 32. Nxd5 Re4 {...Rd4 is the strong threat.} 33. Qc2 $1 {[%cal Rc2e4]} Re6 34. b3 Kh7 35. Qd3 Qc6 36. Kf1 Re5 37. f4 Re8 38. g4 Kh8 39. Kf2 Qe6 40. Kf3 Qc6 41. Kf2 Re6 42. Rd2 Rd6 43. Rd1 Qc8 44. f5 Qe8 45. Qe3 Qd8 46. Qf3 Bf6 47. Kg2 Bh4 48. fxg6 fxg6 49. Rd3 Qg8 50. Qf4 $40 {[%mdl 128] White is up to no good.} Qe6 51. Qxh6+ Kg8 {( -> ...Qe2+)} 52. Qd2 Qe4+ 53. Kg1 Bg5 54. Qd1 Rc6 {Strongly threatening ...Kg7.} 55. Qf1 $2 {[%mdl 8192]} (55. Rc3 $11 Rxc3 56. Nxc3 Be3+ 57. Kf1 Qf4+ 58. Ke2) 55... Kg7 $2 (55... Rc2 {White must now prevent ...Qe5.} 56. Qf3 Qe1+ 57. Qf1 Qe5 58. Ne7+ Qxe7) 56. Rd1 $2 {[#]} (56. Qa1+ $19 Kg8 57. Qd1) 56... Rc2 $1 {[%cal Rc2e2]} 57. Rd3 Qe5 {Precision: White = 37%, Black = 51%.} 0-1